000 01325nam a2200229Ia 4500
003 Ost
005 20260507075304.0
008 260507s9999||||xx |||||||||||||| ||und||
020 _a5063299579
040 _cfsecg
041 _aara
082 _a330
100 _aالطيطي، خضر مصباح اسماعيل
_eمؤلف
245 0 _aإدارة وصناعة الجودة :
_bمفاهيم ادارية و تقنية و تجارية في الجودة /
_c خضر مصباح اسماعيل الطيطي
260 _aعمان:
_bدار الحامد,
_c2011
300 _a346 صفحة؛
_c25 سم
520 _aمقدمة في ادارة الجودة و تصميم و ضمان الجودة ، محددات و تكاليف الجودة ، خصائصها و تحدياتها ، منهجية الستة سيجما ، ضمان جودة المؤسسات التعليمية ، مراحل التغيير التقني التكنولوجي ، مساحات التغيير في المنظمة ، الوظائف الادارية و أسس ادارة المشاريع ، استخدام تقنيات الانترنيت في التطور و المسائل القانونية و الأخلاقية.
653 _aإدارة- الجودة
653 _aصناعة- الجودة
653 _aضبط الجودة
942 _cكتاب
999 _c43806
_d43806